Solve the Secret Word #2 - Statistics

General Stats
  • This quiz has been taken 2,386 times
  • The average score is 23 of 27
Answer Stats
Hint Answer % Correct
AEKLN Ankle
100%
BNORW Brown
99%
CEFHI Chief
98%
ADFRW Dwarf
96%
AEHRT Earth
93%
EFHLS Flesh
93%
EGSTU Guest
92%
ABHIT Habit
91%
EFIKN Knife
86%
AEIRT Irate
85%
BJMOU Jumbo
85%
CGILO Logic
85%
AAFIM Mafia
84%
ENRSU Nurse
84%
INNOO Onion
84%
APRTY Party
84%
EENQU Queen
84%
ALORY Royal
83%
CENST Scent
82%
HNORT Thorn
82%
FINUY Unify
82%
EMNOV Venom
81%
AERTW Water
80%
ENNOX Xenon
79%
AESTY Yeast
78%
ESTYZ Zesty
77%
Secret Word PRIZE
73%
No matching quizzes found
Score Distribution
Percent of People with Each Score
Percentile by Number Answered
Your Score History
You have not taken this quiz